[Event "FIN-ch op"]
[Site "Mantta"]
[Date "2011.07.28"]
[Round "6"]
[White "Rossi, Paavo"]
[Black "Loyttyniemi, Marko"]
[Result "0-1"]
[WhiteElo "1173"]
[BlackElo "1589"]
[PlyCount "50"]
[EventDate "2011.07.25"]
[EventType "swiss"]
[EventRounds "9"]
[EventCountry "FIN"]
[SourceTitle "EXT 2022"]
[Source "ChessBase"]
[SourceDate "2021.10.06"]
[SourceVersion "1"]
[SourceVersionDate "2021.10.06"]
[SourceQuality "1"]

1. e4 e5 2. Nf3 Nc6 3. Bb5 Nge7 4. 0-0 d6 5. d3 a6 6. Bc4 b5 7. Bb3 Na5 8. Bd2 Nxb3 9. cxb3 Ng6 10. Ba5 Bg4 11. Nbd2 Qd7 12. Qc1 Rc8 13. g3 Be7 14. a4 0-0 15. d4 exd4 16. Nxd4 c5 17. N4f3 Qe6 18. Qc2 f5 19. Rae1 Bh3 20. exf5 Qxf5 21. Qxf5 Rxf5 22. g4 Rf4 23. Rxe7 Nxe7 24. Re1 Nc6 25. Ng5 Rxg4+ 0-1

[Event "FIN-ch op"]
[Site "Mantta"]
[Date "2011.07.25"]
[Round "1"]
[White "Sorvari, Jarmo"]
[Black "Rossi, Paavo"]
[Result "1-0"]
[WhiteElo "1958"]
[BlackElo "1173"]
[PlyCount "75"]
[EventDate "2011.07.25"]
[EventType "swiss"]
[EventRounds "9"]
[EventCountry "FIN"]
[SourceTitle "EXT 2022"]
[Source "ChessBase"]
[SourceDate "2021.10.06"]
[SourceVersion "1"]
[SourceVersionDate "2021.10.06"]
[SourceQuality "1"]

1. d4 d5 2. c4 c6 3. Nf3 Nf6 4. e3 e6 5. Nc3 Bb4 6. Qc2 Ne4 7. Bd3 Bxc3+ 8. bxc3 Nf6 9. Ba3 Nbd7 10. 0-0 Qc7 11. Rfe1 c5 12. cxd5 exd5 13. c4 0-0 14. cxd5 b6 15. Rac1 Bb7 16. e4 Rac8 17. d6 Qc6 18. e5 Nh5 19. Bxh7+ Kh8 20. Be4 Qb5 21. Bxb7 Rce8 22. Qb3 Qxb3 23. axb3 Nf4 24. Rcd1 Re6 25. Re4 Ng6 26. Bd5 Ree8 27. Bc6 Rd8 28. Bxd7 Rxd7 29. dxc5 bxc5 30. Bxc5 f5 31. Ree1 Nf4 32. e6 Nxe6 33. Rxe6 Rc8 34. Ne5 Rxc5 35. Nxd7 Rb5 36. Ne5 Rxb3 37. d7 Kh7 38. d8Q 1-0